Family Feud #8 - Statistics

General Stats
  • This quiz has been taken 11 times
  • The average score is 2 of 5
Answer Stats
Hint Answer % Correct
22 Cross
64%
17 Snap
64%
20 Lick
55%
8 Wiggle
36%
7 Count
27%
No matching quizzes found
Score Distribution
Percent of People with Each Score
Percentile by Number Answered
Your Score History
You have not taken this quiz